[Event "St Petersburg rapid"]
[Site "St Petersburg"]
[Date "2016.08.27"]
[Round "1"]
[White "Mikhailov, Evgeniy"]
[Black "Pridorozhni, Aleksei"]
[Result "0-1"]
[WhiteElo "2011"]
[BlackElo "2579"]
[PlyCount "56"]
[EventDate "2016.08.27"]
[EventType "swiss (rapid)"]
[EventRounds "11"]
[EventCountry "RUS"]
[SourceTitle "CBM 174 Extra"]
[Source "ChessBase"]
[SourceDate "2016.10.10"]
[SourceVersion "1"]
[SourceVersionDate "2016.10.10"]
[SourceQuality "1"]

1. e4 c5 2. Nf3 Nc6 3. Bb5 e6 4. Bxc6 bxc6 5. e5 f6 6. 0-0 Ne7 7. Re1 Ng6 8. d3 Be7 9. c4 Qc7 10. exf6 gxf6 11. Nc3 0-0 12. Bh6 Rf7 13. Qd2 d5 14. b3 Qd6 15. Rad1 e5 16. Qe2 Bd7 17. Nd2 f5 18. Qh5 d4 19. Na4 Bf8 20. Bxf8 Raxf8 21. Qe2 Rg7 22. Kh1 e4 23. g3 Ne5 24. dxe4 f4 25. Rg1 f3 26. Qf1 Rf6 27. Nb2 Rh6 28. h4 Qf6 0-1